Normal view
MARC view
- INSTITUTE OF METALLURGISTS
Entry Personal Name
001 - CONTROL NUMBER
- control field: 58327
003 - CONTROL NUMBER IDENTIFIER
- control field: NUST
005 - DATE AND TIME OF LATEST TRANSACTION
- control field: 20210628202119.0
008 - FIXED-LENGTH DATA ELEMENTS
- fixed length control field: 210628|| aca||aabn | a|a d
040 ## - CATALOGING SOURCE
- Original cataloging agency: NUST
- Transcribing agency: NUST
100 ## - HEADING--PERSONAL NAME
- Personal name: INSTITUTE OF METALLURGISTS
670 ## - SOURCE DATA FOUND
- Source citation: Work cat.: (NUST): INSTITUTE OF METALLURGISTS, HEAT TREATMENT OF METALS LECTURES DELIVERED AT THE INSTITUTE OF NETALLIRGISTS REFRESHER COURSE, 1980
